[Event "SWE-ch Master Elite"]
[Site "Skara"]
[Date "2002.07.01"]
[Round "2"]
[White "Azizi, Haroon"]
[Black "Rylander, Dennis"]
[Result "0-1"]
[WhiteElo "2272"]
[BlackElo "2392"]
[PlyCount "102"]
[EventDate "2002.06.30"]
[EventType "tourn"]
[EventRounds "13"]
[EventCountry "SWE"]
[EventCategory "3"]
[SourceTitle "CBM 089 Extra"]
[Source "ChessBase"]
[SourceDate "2002.09.10"]
[SourceVersion "2"]
[SourceVersionDate "2002.09.10"]
[SourceQuality "1"]

1. Nf3 d5 2. g3 Bg4 3. Bg2 Nf6 4. d3 Nbd7 5. Nbd2 e5 6. h3 Bxf3 7. Bxf3 c6 8. e4 Bc5 9. a3 0-0 10. 0-0 Re8 11. Re1 Nf8 12. Qe2 Ne6 13. c3 a5 14. Nf1 Qb6 15. h4 h6 16. Rb1 a4 17. Be3 d4 18. Bd2 dxc3 19. bxc3 Qa6 20. Bc1 Rad8 21. Rd1 Bf8 22. Qc2 Rd7 23. Ne3 Nc5 24. Be2 b5 25. Bb2 Nb3 26. Kg2 Red8 27. Bc1 Qa7 28. Ng4 Nxg4 29. Bxg4 Rc7 30. Be3 Bc5 31. Bxc5 Qxc5 32. Qb2 Rd6 33. Be2 Rcd7 34. Bg4 Rd8 35. Be2 Kh7 36. h5 f5 37. exf5 e4 38. d4 Qxf5 39. Qc2 Rf8 40. Rf1 Kh8 41. Kg1 Qg5 42. Rbd1 e3 43. Qd3 Nd2 44. Rxd2 exd2 45. f4 Qe7 46. Qxd2 Re8 47. Kf2 Re6 48. Bd3 Qxa3 49. Rc1 Re3 50. Rc2 b4 51. Bg6 b3 0-1